| 000 | 00454cam a22001337a 4500 | ||
|---|---|---|---|
| 008 | 180718b-- xxu||||| |||| 00| 0 eng d | ||
| 082 | _aR23x5442 M278Ci | ||
| 100 | _aMaharashtra. Minimum Wages Committee for Cinema Exhibition Industry | ||
| 245 | _aReport of Minimum Wages Committee for Cinema Exhibition Industry | ||
| 260 |
_aBombay _bThe author _c-- |
||
| 300 | _a98p. | ||
| 500 | _aChairman: Shankararao Gedam | ||
| 700 | _aGedam, Shankararao (Chairman) | ||
| 999 |
_c489600 _d489600 |
||